Văn học Việt Nam sau Cách mạng Tháng 8 truyện ngắn T.3

Uloženo v:
Podrobná bibliografie
Médium: Kniha
Vydáno: H. Văn học 1994
Témata:
Tagy: Přidat tag
Žádné tagy, Buďte první, kdo otaguje tento záznam!
Thư viện lưu trữ: Trung tâm Học liệu Lê Vũ Hùng, Trường Đại học Đồng Tháp
LEADER 00889pam a22002658a 4500
001 00018970
005 20171026081022.0
008 110505s1994 ||||||Viesd
041 0 # |a Vie 
082 1 4 |a 895.922 8  |b V115H 
245 0 0 |a Văn học Việt Nam sau Cách mạng Tháng 8  |b truyện ngắn  |n T.3 
260 # # |a H.  |b Văn học  |c 1994 
300 # # |a 476 tr.  |c 24 cm. 
650 # 4 |a Truyện ngắn 
650 # 4 |a Văn học hiện đại 
653 # # |a Cách mạng tháng 8 
653 # # |a Việt Nam 
852 # # |b Kho mượn  |j KM.0007830, KM.0007831, KM.0007832, KM.0007833, KM.0007834 
852 # # |b Kho đọc  |j KD.0004134 
852 # # |j KD.0004134  |j KM.0007830  |j KM.0007832  |j KM.0007833  |j KM.0007831  |j KM.0007834 
910 |d 05/05/2011 
980 # # |a Trung tâm Học liệu Lê Vũ Hùng, Trường Đại học Đồng Tháp